All Ghost type Pokémon - Statistics

General Stats
  • This quiz has been taken 241 times
    156 since last reset
  • The average score is 53 of 70
Answer Stats
Type Generation Pokémon % Correct
Ghost-Poison 1 Gengar
100%
Ghost-Poison 1 Gastly
99%
Ghost-Poison 1 Haunter
99%
2 Misdreavus
94%
Bug-Ghost 3 Shedinja
93%
Ghost-Fire 5 Chandelure
90%
Ghost-Flying 4 Drifblim
90%
Ghost-Flying 4 Drifloon
90%
Ghost-Dragon 4 Giratina
90%
Ghost-Fire 5 Litwick
90%
Electric-Ghost 4 Rotom
90%
Dark-Ghost 3 Sableye
90%
Ghost-Dark 4 Spiritomb
90%
4 Mismagius
89%
Ghost-Grass 6 Trevenant
89%
3 Banette
88%
3 Dusclops
88%
Ice-Ghost 4 Froslass
88%
Ghost-Fire 5 Lampent
88%
Ghost-Grass 6 Phantump
88%
3 Shuppet
88%
Ghost-Fairy 7 Mimikyu
86%
Ghost-Grass 6 Pumpkaboo
85%
Steel-Ghost 6 Aegislash
84%
3 Duskull
84%
Steel-Ghost 6 Doublade
83%
4 Dusknoir
83%
Ghost-Grass 6 Gourgeist
83%
Water-Ghost 5 Jellicent
83%
Ground-Ghost 5 Golurk
82%
Steel-Ghost 6 Honedge
82%
Dragon-Ghost 8 Dragapult
81%
Water-Ghost 5 Frillish
81%
Ground-Ghost 5 Golett
81%
Grass-Ghost 7 Decidueye
80%
Dragon-Ghost 8 Dreepy
78%
Fire-Ghost 7 Alolan Marowak
77%
Normal-Ghost 8 Hisuian Zoroark
77%
Ghost-Ground 7 Palossand
77%
5 Yamask
76%
Dragon-Ghost 8 Drakloak
75%
Normal-Ghost 8 Hisuian Zorua
75%
Fighting-Ghost 7 Marshadow
75%
Fire-Ghost 9 Skeledirge
73%
Ghost-Ground 7 Sandygast
72%
Fire-Ghost 7 Blacephalon
70%
5 Cofagrigus
68%
Psychic-Ghost 6 Hoopa
68%
Ghost-Grass 7 Dhelmise
67%
Fire-Ghost 8 Hisuian Typhlosion
67%
Psychic-Ghost 7 Lunala
67%
Grass-Ghost 9 Brambleghast
65%
Grass-Ghost 9 Bramblin
65%
Fire-Ghost 9 Ceruledge
65%
Ghost-Flying 7 Oricorio (sensu-style)
64%
Water-Ghost 8 Basculegion
63%
Ground-Ghost 8 Runerigus
63%
Fighting-Ghost 9 Annihilape
60%
Ghost-Fairy 9 Flutter Mane
60%
8 Polteageist
60%
8 Sinistea
60%
8 Galarian Corsola
58%
Grass-Ghost 9 Poltchageist
58%
Steel-Ghost 9 Gholdengo
57%
9 Gimmighoul
57%
8 Cursola
56%
9 Houndstone
54%
Grass-Ghost 9 Sinistcha
54%
9 Greavard
53%
8 Spectrier
47%
No matching quizzes found
Score Distribution
Percent of People with Each Score
Percentile by Number Answered
Your Score History
You have not taken this quiz since the last reset